000 00298nam a22001337a 4500
008 210225b ||||| |||| 00| 0 eng d
020 _a2901285453544
041 _aeng
080 _215th
_a330.101.541
100 _a52
101 _aMAKRO
245 _aMacroeconomics
_cGwartney
942 _2udc
_cBK
999 _c55187
_d55187